| 000 | 00669cam a22001814a 4500 | ||
|---|---|---|---|
| 005 | 20250605164354.0 | ||
| 008 | 250528s ||||||||||||||||||||||||d | ||
| 035 | _a24251 | ||
| 040 |
_aGR-AtMCL _bgre _dGR-AtMCL _eAACR2 |
||
| 245 | 1 | _aThe Origins and Evolution of the Palestine Problem / 1917-1988 Prepared for, and Under the Guidance of, the Committee on the Exercise of the Inalienable Rights of the Palestinian People | |
| 260 |
_aNew York, NY, _c1990 |
||
| 300 | _a278 | ||
| 520 | _a1917-1947, 1947-1977, 1978-1983, 1984-1988, Notes. | ||
| 710 | 2 |
_aUnited Nations _99734 |
|
| 942 | _cCR | ||
| 999 |
_c9141 _d9141 |
||